Anaxalimma /

Guardado en:
Autor Principal: Verano, Raúl Ignacio
Formato: Libro
Publicado: Buenos Aires : De los cuatro vientos, 2008
Materias:
Etiquetas: Agregar Etiqueta
Sin Etiquetas, Sea el primero en etiquetar este registro!
LEADER 00777nam a22002535a 4500
001 CEM.cems014232
008 130507s2008##################000#0#####d
005 20211004162901.0
003 CEMS
245 1 0 |a Anaxalimma /  |c Raúl Ignacio Verano 
260 |a Buenos Aires :  |b De los cuatro vientos,  |c 2008 
300 |a 256 p. 
020 |a 9789875649484 
100 1 |a Verano, Raúl Ignacio 
082 0 4 |a A863.4 
653 |a Literatura 
653 |a Literatura argentina 
653 |a Novelas 
653 |a Novelas argentinas 
653 |a Narrativa 
653 |a Narrativa argentina 
653 |a Ministerio de educación-colección literaria 
859 |a CEMS  |b BIB. CEMS - 11 de abril  |h A863.4  |i V580  |p 26808.14  |t Ej.1 
859 |a CEMS  |b BIB. CEMS - 11 de abril  |h A863.4  |i V580  |p 27777.19  |t Ej.2